000 00328nam a22001457a 4500
008 211019b ||||| |||| 00| 0 eng d
020 _a9780536339683
041 _aeng
080 _23rd
_a510
082 _a510
100 _a36
101 _aMAT
245 _aMATH 110 Mathematical Literacy
_cTannenbaum,P
942 _2udc
_cBK
999 _c58261
_d58261